Η τύχη της Μαρούλας : τρίπρακτο κωμειδύλλιο ; Ο θάνατος του Περικλή : μονόπρακτη κωμωδία
Αποθηκεύτηκε σε:
| Κύριος συγγραφέας: | |
|---|---|
| Άλλοι συγγραφείς: | |
| Μορφή: | Βιβλίο |
| Γλώσσα: | Greek |
| Δημοσίευση: |
Αθήνα - Γιάννινα :
Δωδώνη,
1984.
|
| Σειρά: | Ελληνικό θέατρο
|
| Θέματα: | |
| Ετικέτες: |
Προσθήκη ετικέτας
Δεν υπάρχουν, Καταχωρήστε ετικέτα πρώτοι!
|
MARC
| LEADER | 00000cam a2200000 i 4500 | ||
|---|---|---|---|
| 001 | 1/59534 | ||
| 008 | 040824s1984 gr | ||| |||| ||gre|| | ||
| 020 | |a 9602484314 | ||
| 035 | |l 10074134 | ||
| 040 | |a GR-MyUA |b gre |e AACR2 | ||
| 041 | 0 | |a gre | |
| 082 | 0 | |a 889.2 | |
| 100 | 1 | |a Κορομηλάς, Δημήτριος Α., |d 1850-1898. | |
| 245 | 1 | 2 | |a Η τύχη της Μαρούλας : τρίπρακτο κωμειδύλλιο ; Ο θάνατος του Περικλή : μονόπρακτη κωμωδία / |c Δημητρίου Α. Κορομηλά ; εισαγωγή - επιμέλεια Βασίλη Χ. Μάκη. |
| 260 | |a Αθήνα - Γιάννινα : |b Δωδώνη, |c 1984. | ||
| 300 | |a 212 σ. : |b εικ. ; |c 22 εκ. | ||
| 490 | 1 | |a (Ελληνικό θέατρο) | |
| 650 | 0 | 0 | |a Greek drama. |
| 700 | 1 | |a Μάκης, Βασίλης Χ. |e edt | |
| 740 | 0 | 2 | |a Ο θάνατος του Περικλή |
| 830 | 0 | |a Ελληνικό θέατρο | |
| 852 | |a INST |b SAMOS |e 20040824 |h 889.2 ΚΟΡ |p 005300023195 |q 005300023195 |t BK |y 0 | ||
| 901 | |a BIBL3-2004-2 | ||
| 909 | |a Σ |b 107459 | ||
| 922 | |a 3ΕΛΗ |b 200406 |c ΕΠΕΑΕΚ/ΤΜΠΕΣ |d LEADER | ||
| 970 | |a ΚΟΣΙΕΡΗΣ |b ΧΡΗΣΤΟΣ |z 2004/08/24 | ||